01758nam a2200385 a 4500001001000000003000500010005001700015008004100032010001100073011001100084040000900095090001000104100004800114245027200162260004100434500006000475502009700535590003700632590004000669590004000709590004000749650003400789650003700823650003200860650003500892700004100927856001600968856007000984901000701054942001001061942000601071999001901077952014001096952013601236000111358CHAP20220329144208.0150330s2015 mx sm |||||||spa d a107820 a108792 cCHAP aTesis1 aCarrillo Hernández, Anabeli Ivett912920510aEstudio de factibilidad tecnico-economico y manual de buenas practicas de manufactura para el establecimiento de una planta procesadora de sabila (Aloe vera L.) en Romita, Guanajuatog[En línea]cpor Anabeli Ivett Carrillo Hernández y Armando Jiménez Sánchez. aChapingo, Méx. :bEl autor,c2015. aPara ver el contenido del material haga clic en la liga aTesis (Ing. Agr. Esp. en Agroindustrial)-- UACH. Departamento de Ingeniería Agroindustrial aBATCHb00c20181121lUCH01h0759 aE5765TAJb05c20150330lUCH01h1214 aE5765TAJb05c20150330lUCH01h1214 aE5765TAJb05c20150414lUCH01h100214aAloe veraxProcesado.912920714aEstudios de factibilidad.93852014aExtractos vegetales.93921414aProyectos industriales.9925311 aJiménez Sánchez, Armando9129206 a1 n0001338 aFinding aiduhttp://10.13.5.2/tesis/sist111358.pdfzTeclea aquí aBK cTESIS n0 c107820d107820 00102local4053708TESISaBCbBCcPA_TESISd2015-03-30fTESISl0oTesisp33724002480439r2019-12-31 00:00:00tc.2w2019-12-31yTESIS 00104054718TESISaBCbBCd2015-03-30fTESISl0oTesisp33724002480470r2019-12-31 00:00:00w2019-12-31yTESISzRecien adquirido